000 01155nam a2200229 a 4500
001 000028342
005 20200930031545.0
008 110303s2004 dr 000 0 spa d
040 _aDO-SdBNP
_bspa
_cBNPHU
041 0 _aspa
_aeng
_2fre
082 _axxx
_bF356i
111 2 _aFeria Internacional del Libro
_d(2004: 26-30 abril
_cSanto Domingo
_n7a:)
_955319
245 1 0 _aPrograma :
_b9na .Coferencias Internacional de escritores y críticos literario del Caribe =
_b9th International Cabean women writers and scholars=
_b9eme Congrès international d Ecrivaines et Critiques Llitérainres de la Caribe.
246 1 0 _a9na .Coferencias Internacional de escritores y críticos literario del Caribe
246 1 0 _a9th International Cabean women writers and scholars
246 1 0 _a9eme Congrès International d Ecrivaines et Critiques Llitérainres de la Caribe
260 _aSanto Domingo :
_bSecretaría de Estado de la Mujer,
_c2004.
_fEditorial Norma
300 _a61 p. ;
_c23 cm.
500 _aPaís invitado Puerto Rico
711 2 _aThe biennal conference of the ACWWS
_c(Santo Domingo, Dominican Republic
_d2004:
_n26-30 abril)
_955320
049 _aBNPD
999 _c27834
_d27834